|
|
|
|
| LEADER |
00000cam a2200000 7i4500 |
| 001 |
0000004490 |
| 005 |
20220105104002.0 |
| 008 |
070726 |
| 020 |
|
|
|a 0709708653
|
| 090 |
0 |
0 |
|a DIC
|b ENG (4246)
|
| 100 |
0 |
|
|a Clark,Colin
|
| 245 |
1 |
0 |
|a My first :
|b picture dictionary
|c Colin Clark
|
| 260 |
|
|
|a England :
|b Brown Watson ,
|c 2001
|
| 500 |
|
|
|a Children age 4-6 years old (yellow)
|
| 650 |
|
0 |
|a Junior preschool
|x dictionary
|
| 999 |
|
|
|a 000000158
|b Book
|c Children Collection
|e Cawangan Bandar Penawar
|
| 999 |
|
|
|a 0000867649
|b Book
|c Children Collection
|e Cawangan Segamat
|
| 999 |
|
|
|a 0000867650
|b Book
|c Children Collection
|e Cawangan Segamat
|
| 999 |
|
|
|a 0000970922
|b Book
|c REFERENCE
|e Perbadanan Perpustakaan Awam Johor
|
| 999 |
|
|
|a 0000970923
|b Book
|c REFERENCE
|e Perbadanan Perpustakaan Awam Johor
|
| 999 |
|
|
|a 0000970924
|b Book
|c Children Collection
|e Perbadanan Perpustakaan Awam Johor
|
| 999 |
|
|
|a 0000970925
|b Book
|c REFERENCE
|e Cawangan Pontian
|
| 999 |
|
|
|a 0000970926
|b Book
|c REFERENCE
|e Cawangan Taman Universiti
|
| 999 |
|
|
|a 0000976010
|b Book
|c Children Collection
|e Cawangan Pontian
|
| 999 |
|
|
|a 0001611712
|b Book
|c Children Collection
|e Cawangan Bandar Tenggara
|